MARC
| LEADER | 00000nam a22000003a 4500 | ||
|---|---|---|---|
| 001 | stu73237 | ||
| 005 | 20150617225649.0 | ||
| 008 | 020115s1994----xr------------------cze-d | ||
| 040 | |a STU |b slo | ||
| 041 | 0 | |a cze | |
| 044 | |a xr | ||
| 080 | |a 336.76 | ||
| 100 | 1 | |a Hudák, Ondrej |4 aut |u M210 |U MTF Ústav materiálov |T MTF Katedra fyziky |U M210 |Y M210 | |
| 245 | 1 | |a Technická analýza a naše kapitálové trhy | |
| 250 | |a 1. vyd. | ||
| 260 | |a Brno : |b Moneco, |c 1994 | ||
| 300 | |a 140 s | ||
| 650 | 7 | |a trhy kapitálové |2 stusub | |
| 856 | 4 | |a https://sweb.mtf.stuba.sk/obsahy/Technicka_analyza_a_nase_kapitalove_trhy_94.pdf |u https://sweb.mtf.stuba.sk/obsahy/Technicka_analyza_a_nase_kapitalove_trhy_94.pdf |3 OBSAH | |
| 996 | |b 284M034176 |c M*10135-1 |l MMKN |s A |a 24 |w stu73237_0001 | ||